Barátságban könnyebb
Elmentve itt :
| Szerző: | |
|---|---|
| Dokumentumtípus: | Cikk |
| Megjelent: |
1973-07-05
|
| Sorozat: | Délmagyarország
63 No. 155 |
| Kulcsszavak: | szénhidrogének |
| Online Access: | http://dmarchiv.bibl.u-szeged.hu/103561 |
| LEADER | 00446nab a2200157 i 4500 | ||
|---|---|---|---|
| 001 | delm103561 | ||
| 005 | 20190401114001.0 | ||
| 008 | 190401s1973 hu o 0|| hun d | ||
| 040 | |a SZTE Délmagyarország Archívum |b hun | ||
| 041 | |a hun | ||
| 100 | 1 | |a Matkó István | |
| 245 | 1 | 0 | |a Barátságban könnyebb |h [elektronikus dokumentum] / |c Matkó István |
| 260 | |c 1973-07-05 | ||
| 300 | |a 5 | ||
| 490 | 0 | |a Délmagyarország |v 63 No. 155 | |
| 695 | |a szénhidrogének | ||